Greenwich observatory (Record no. 5586)

MARC details
000 -LEADER
fixed length control field 00620nam a2200193Ia 4500
003 - CONTROL NUMBER IDENTIFIER
control field IN-BaIIA
008 - FIXED-LENGTH DATA ELEMENTS--GENERAL INFORMATION
fixed length control field 211028s9999 xx 000 0 eng d
020 ## - INTERNATIONAL STANDARD BOOK NUMBER
International Standard Book Number 0-85066-093-9
040 ## - CATALOGING SOURCE
Transcribing agency IIA Library
080 ## - UNIVERSAL DECIMAL CLASSIFICATION NUMBER
Universal Decimal Classification number 520.1
Item number GWO-1
100 ## - MAIN ENTRY--PERSONAL NAME
Personal name Forbes, Eric G
9 (RLIN) 9700
245 #0 - TITLE STATEMENT
Title Greenwich observatory
Remainder of title vol. 2, origins and early history (1675-1835)
Statement of responsibility, etc. Eric G Forbes
260 ## - PUBLICATION, DISTRIBUTION, ETC.
Place of publication, distribution, etc. London
Name of publisher, distributor, etc. Taylor and Francis
Date of publication, distribution, etc. 1975
300 ## - PHYSICAL DESCRIPTION
Extent xv, 204p.
650 ## - SUBJECT ADDED ENTRY--TOPICAL TERM
Topical term or geographic name entry element Astronomy and astrophysics thesaurus
650 ## - SUBJECT ADDED ENTRY--TOPICAL TERM
Topical term or geographic name entry element Greenwich observatory
9 (RLIN) 9701
650 ## - SUBJECT ADDED ENTRY--TOPICAL TERM
Topical term or geographic name entry element Observatory
9 (RLIN) 970
942 ## - ADDED ENTRY ELEMENTS (KOHA)
Koha item type Books
952 ## - LOCATION AND ITEM INFORMATION (KOHA)
-- 25.00
Holdings
Withdrawn status Lost status Damaged status Not for loan Home library Current library Shelving location Date acquired Total Checkouts Full call number Barcode Date last seen Price effective from Koha item type
        IIA Library-Bangalore IIA Library-Bangalore General Stacks 01/10/1977   520.1/ GWO-1 6254 05/11/2021 01/10/1977 Books

Powered by Koha